IFM Opac

Africa:A study in Tropical Development (Record no. 18244)

MARC details
000 -LEADER
fixed length control field 00388nam a22001457a 4500
020 ## - INTERNATIONAL STANDARD BOOK NUMBER
International Standard Book Number 0471820083
082 ## - DEWEY DECIMAL CLASSIFICATION NUMBER
Classification number 916 STA
100 ## - MAIN ENTRY--PERSONAL NAME
Personal name Stamp, L. D.
245 ## - TITLE STATEMENT
Title Africa:A study in Tropical Development
250 ## - EDITION STATEMENT
Edition statement 3rd ed
260 ## - PUBLICATION, DISTRIBUTION, ETC.
Place of publication, distribution, etc. London
Name of publisher, distributor, etc. John Wiey and sons, inc.
Date of publication, distribution, etc. 1972
300 ## - PHYSICAL DESCRIPTION
Extent xi,520p.
Other physical details ill;26cm
500 ## - GENERAL NOTE
General note include, index, statisticl summary, biobliography
942 ## - ADDED ENTRY ELEMENTS (KOHA)
Koha item type Books
Holdings
Withdrawn status Lost status Source of classification or shelving scheme Damaged status Not for loan Home library Current library Shelving location Date acquired Full call number Barcode Date last seen Price effective from Koha item type
    Dewey Decimal Classification     IFM Main Campus Library IFM Main Campus Library   08/14/2017 916 STA 0000011179 08/14/2017 08/14/2017 Books